00548nam a2200145Ia 4500082001200000100002000012245011700032260004500149300000800194504002600202650003900228650006000267650005500327710002000382 aTE.0017 aEswarappa, Kasi 0aAnthropological study of livelihoods: the case of two Sugali settlements in Anantapur district of Andhra Pradesh c2007bUniversity of Hyderabad, Hyderabad a255 aincludes bibliography aAnantapur District (India)vTribes aSugali, ThevTribeszAndhra PradeshzAnantapur District aTribesvTribeszAndhra PradeshzAnantapur District aPrasad, R. Siva